LEADER 01140nam0-2200337---450- 001 990009893090403321 005 20140908161559.0 035 $a000989309 035 $aFED01000989309 035 $a(Aleph)000989309FED01 035 $a000989309 100 $a20140908d1986----km-y0itay50------ba 101 1 $aita$cfre 102 $aIT 105 $ay-------001yy 200 1 $aMetodologia dell'intervento nel lavoro sociale$fCristina De Robertis$gcon la collaborazione di Bernadette Blanc, Françoise Lesimple, Henri Pascal$gpresentazione dell'edizione italiana di Lia Sanicola 210 $aBologna$cZanichelli$d1986 215 $aXXIII, 247 p.$d24 cm 454 0$12001$aMéthodologie de l'intervention en travail social$945728 610 0 $aAssistenza sociale 676 $a361.32 700 1$aDe Robertis,$bCristina$0329771 702 1$aSanicola,$bLia 702 1$aPascal,$bHenri$f<1943- > 801 0$aIT$bUNINA$gRICA$2UNIMARC 901 $aBK 912 $a990009893090403321 952 $a361.3 DER 1$bbibl.$fFLFBC 959 $aFLFBC 996 $aMéthodologie de l'intervention en travail social$945728 997 $aUNINA LEADER 05813 am 2201285 n 450 001 9910495998703321 005 20200602 010 $a2-7351-2078-3 024 7 $a10.4000/books.editionsmsh.19808 035 $a(CKB)4100000011963593 035 $a(FrMaCLE)OB-editionsmsh-19808 035 $a(oapen)https://directory.doabooks.org/handle/20.500.12854/85017 035 $a(PPN)25638441X 035 $a(EXLCZ)994100000011963593 100 $a20210624j|||||||| ||| 0 101 0 $afre 135 $auu||||||m|||| 181 $ctxt$2rdacontent 182 $cc$2rdamedia 183 $acr$2rdacarrier 200 12$aL?enceinte des premier et second âges du Fer de La Fosse Touzé (Courseulles-sur Mer, Calvados) $eEntre résidence aristocratique et place de collecte monumentale /$fIvan Jahier 210 $aParis $cÉditions de la Maison des sciences de l?homme$d2020 215 $a1 online resource (246 p.) 225 1 $aDocuments d?archéologie française 311 $a2-7351-1122-9 330 $aLa publication, il y a plus de dix ans, d?un établissement rural occupé du vie s. av. J.-C. au iiie s. ap. J.-C., la ferme du Boisanne à Plouër-sur-Rance, dans les Côtes d?Armor (Daf 58) permettait à Yves Menez de s?interroger sur la notion de ferme indigène. Aujourd?hui, Ivan Jahier revisite la problématique à partir du site protohistorique de Courseulles-sur-Mer, implanté cette fois en retrait de la côte normande. Le gisement regroupe tous les éléments classiques de la ferme indigène : maisons, clôtures, dépendances, réserves, aire agricole et de pacage, restes domestiques, traces d?activités artisanales, et même quelques sépultures, mais répartis à l?intérieur et autour d?une enceinte trois à quatre fois plus vaste que la plupart des enclos de l?âge du Fer de la région. À quelle nécessité répondait le regroupement de tant de structures de stockage dans une enceinte dont la vocation était manifestement plus ostentatoire que défensive et qui n?abritait que deux ou trois maisons ? Ivan Jahier tente de répondre à cette question avec un solide esprit d?analyse. Les conclusions qu?il tire, les interprétations qu?il propose éclairent d?un jour nouveau l?organisation de la société du ve s. av. J.-C., et permettent de développer de nouvelles hypothèses quant à l?origine de la transition culturelle qui a marqué le début du second âge du Fer en Normandie. The publication, more than ten years ago, of a rural settlement occupied from the 6th century BC to the 3rd century AD. the farm of The Boisanne in Plouër-sur-Rance, in the Côtes d?Armor Department (Daf 58), permitted Yves Menez to address the notion of indigenous farms. Today, Ivan Jahier revises this question based on the Protohistoric site of Courseulles-sur-Mer, in this case located inland from the Normandy coast. This site possesses all the classic elements of an indigenous farm: houses, fences, outbuildings, storage facilities, an agricultural and pasture area, domestic remains, traces of craft activities, and even? 517 $aEnceinte des premier et second âges du Fer de La Fosse Touzé 517 $aEnceinte des premier et second âges du Fer de La Fosse Touzé 517 $aL?enceinte des premier et second âges du Fer de La Fosse Touzé 606 $aArchaeology 606 $ahabitat 606 $astockage 606 $afaune 606 $acéramique 606 $adiffusion 606 $amonument 606 $ainhumation 606 $aâge du Bronze 606 $amur 606 $apremier âge du Fer 606 $asépulture 606 $asecond âge du Fer 606 $afossé 606 $apalissade 606 $aporte monumentale 606 $agrenier 606 $amaison circulaire 606 $aincinération 606 $amétallurgie du bronze 606 $aArmorique 606 $aBassin parisien 606 $acollecte 610 $ahabitat 610 $astockage 610 $afaune 610 $acéramique 610 $adiffusion 610 $amonument 610 $ainhumation 610 $aâge du Bronze 610 $amur 610 $apremier âge du Fer 610 $asépulture 610 $asecond âge du Fer 610 $afossé 610 $apalissade 610 $aporte monumentale 610 $agrenier 610 $amaison circulaire 610 $aincinération 610 $amétallurgie du bronze 610 $aArmorique 610 $aBa 615 4$aArchaeology 615 4$ahabitat 615 4$astockage 615 4$afaune 615 4$acéramique 615 4$adiffusion 615 4$amonument 615 4$ainhumation 615 4$aâge du Bronze 615 4$amur 615 4$apremier âge du Fer 615 4$asépulture 615 4$asecond âge du Fer 615 4$afossé 615 4$apalissade 615 4$aporte monumentale 615 4$agrenier 615 4$amaison circulaire 615 4$aincinération 615 4$amétallurgie du bronze 615 4$aArmorique 615 4$aBassin parisien 615 4$acollecte 700 $aGhesquière$b Emmanuel$01283426 701 $aJahier$b I$01304610 701 $aJahier$b Ivan$01304611 701 $aLe Goff$b Isabelle$01294093 701 $aMenez$b Yves$01294603 701 $aOzouf$b Jean-Claude$01304612 701 $aSavary$b Xavier$01283939 701 $aYvinec$b Jean-Hervé$01302538 701 $aJahier$b Ivan$01304611 801 0$bFR-FrMaCLE 906 $aBOOK 912 $a9910495998703321 996 $aL?enceinte des premier et second âges du Fer de La Fosse Touzé (Courseulles-sur Mer, Calvados)$93027552 997 $aUNINA LEADER 03065nam 2200421z- 450 001 9910557415703321 005 20220218 035 $a(CKB)5400000000043537 035 $a(oapen)https://directory.doabooks.org/handle/20.500.12854/78357 035 $a(oapen)doab78357 035 $a(EXLCZ)995400000000043537 100 $a20202202d2021 |y 0 101 0 $aeng 135 $aurmn|---annan 181 $ctxt$2rdacontent 182 $cc$2rdamedia 183 $acr$2rdacarrier 200 00$aThe Reception of Thucydides in the Theory and Practice of Hellenistic Historiography 210 $d2021 215 $a1 online resource 311 08$a3-903207-53-5 330 $aDie vorliegende Monographie geht der Frage nach, welche Wirkung Thukydides im Hellenistischen Zeitalter (323-31 v. Chr.) entfaltete. Es bietet die erste Monographie, in welcher die Frage nach dem Schicksal des Werks des Thukydides in der hellenistischen Welt umfassend und vollsta?ndig behandelt wird. Das Buch sammelt und analysiert zum ersten Mal alle fragmentarischen Beweise fu?r die Leserschaft des Thukydides aus der klassischen und hellenistischen Zeit. Es entha?lt eine gru?ndliche und aktuelle synoptische Einfu?hrung und eine umfangreiche Bibliographie, die jedes Kapitel in den Kontext einer breiteren Gelehrsamkeit ab dem 19. Jahrhundert stellt. Damit wird Lesern ein U?berblick geboten, zum einen u?ber die vielfa?ltigen Aspekte der Wirkungsgeschichte des Thukydides, zum anderen u?ber das Verfassen von Historiographie im hellenistischen Zeitalter. 330 $aThe book explores the significance of that work for the generations of historians and other authors in the Hellenistic age (323-31 BC). It is the first monograph that fully treats the question of the fate of the History in the Hellenistic world. The book collects and analyses for the first time all the fragmentary evidence on Thucydides' readership from the Classical and the Hellenistic period. It includes a thorough and up-to-date synoptic introduction and extensive bibliography, setting each chapter in the context of broader scholarship from XIXth century onwards.. With this book, readers shall receive a survey of manifold aspects of Thucydides in particular, and of historical writing in the Hellenistic age in general. 606 $aAncient history$2bicssc 606 $aLiterary studies: ancient, classical and medieval$2bicssc 610 $aO?FOS 2012, Alte Geschichte 610 $aO?FOS 2012, Ancient history 610 $aO?FOS 2012, History of literature 610 $aO?FOS 2012, Literaturgeschichte 610 $aThucydides, reception, Hellenistic Age, historiography 610 $aThukydides, Rezeption, Hellenistische Zeit, Historiographie 615 7$aAncient history 615 7$aLiterary studies: ancient, classical and medieval 700 $aKurpios$b Marcin$4auth$01279676 906 $aBOOK 912 $a9910557415703321 996 $aThe Reception of Thucydides in the Theory and Practice of Hellenistic Historiography$93015833 997 $aUNINA